1131 1382 1514 1144 1348 1629 1283 1047 1252 1455 1132 1837 1643 1858 1520 1630 1419 1838 1752 1367 1332 1549 1979 1635 1267 1612 1222 1492 1159 1675 1077 1330 1316 1429 1150 1167 1793 1097 1313 1002 1824 1980 1062 1912 1822 1900 1891 1395 1398 1275 1622 1030 1159 1185 1862 1052 1803 1731 1504 1085 1228 1224 1215 1326 1444 1161 1044 1480 1321 1677 1854 1868 1762 1521 1241 1591 1593 1588 1435 1422 1516 1945 1776 1765 1090 1280 1170 1601 1747 1197 1730 1456 1603 1131 1959 1917 1136 1034 1286 BCNSPRNW ULIB Ver.6.0+V

เปลี่ยนเป็นภาษาไทย

Change to English
 แสดงรายละเอียดบรรณานุกรม
  กลับหน้าหลัก

Brief Record : Get Marc (ISO 2709) : E-mail record : QR code < ปิดหน้าต่าง
LEADER : 00000nam 2200000uu 4500
001    13399108074
003     ULIB
008    110216s2543||||th 000 0 tha d
020    9742990581
060 04 WA540Jt3^bว549ส 2543
245 00 สู่การปฏิรูประบบสุขภาพแห่งชาติ /^cวิพุธ พูลเจริญ ...[และคนอื่นๆ]
246 10 ภูมิปัญญาประชาคมสู่สุขภาพประชาชาติไทย
250    พิมพ์ครั้งที่ 1
260    นนทบุรี :^bสถาบันวิจัยระบบสาธารณสุข,^c2543
300    (6), 249 หน้า ;^c26 ซม.
490 0  ชุดสุขภาพคนไทยปี พ.ศ. 2543
500  ใ ้เป็นเอกสารประกอบการประชุมวิชาการสถาบันวิจัยระบบสาธารณสุข ครั้งที่ 3 ภูมิปัญญาประชาคมสู่สุขภาพประชาชาติไทย. ระหว่างวันที่ 15-17 สิงหาคม 2543 ณ ศูนย์นิทรรศการและการประชุมไบเทค กรุงเทพมหานคร
650  2 นโยบายสาธารณสุข^zไทย
650  2 การวางแผนอนามัย^zไทย
700 0  วิพุธ พูลเจริญ
710 2  สถาบันวิจัยระบบสาธารณสุข
711 2  การประชุมวิชาการสถาบันวิจัยระบบสาธารณสุขเรื่องภูมิปัญญาประชาคมสู่สุขภาพประชาชาติไทย^n(ครั้งที่ 3 :^d2543:^cกรุงเทพมหานคร)
945    ^p165^l0^i013033
995    ทศพร
999 ^a ใช้งานได้ทุกระบบ
รายการนี้ยังไม่มีแท็ก
คุณยังไม่ได้ล็อกอิน คุณสามารถมีกิจกรรมร่วมกับเว็บไซต์ได้ แต่ต้องล็อกอินก่อน ::
  ล็อกอิน

รายการสื่อสารสนเทศ

ลำดับที่ ประเภท เลขเรียก/บาร์โค้ด สถานที่ สถานะ
- ไม่พบข้อมูล -

BibComment


ยังไม่เคยถูกคอมเมนท์

คอมเมนท์ทรัพยากรรายการนี้
  คอมเมนท์: สู่การปฏิรูประบบส..


 Copyright 2026. Bcnsprnw @Library